| 000 | 00450 a2200157 4500 | ||
|---|---|---|---|
| 999 |
_c4765 _d4765 |
||
| 020 | _a9781779030979 | ||
| 050 | _aPL 8681 CHA 1996 | ||
| 100 |
_aChakamba, R.H. _eauthor |
||
| 245 |
_aBudirirai 1 : _bbhuku raVadzidzi / _cR.H. Chakamba and R.G. Sisimayi |
||
| 264 |
_aZimbabwe: _bLongman, _c1996 |
||
| 300 | _a174p.: | ||
| 500 | _aNo index | ||
| 650 | _aKudzidza mutauro wechiShona | ||
| 700 |
_aSisimayi, R.G. _eauthor |
||
| 942 |
_2lcc _cBK _h8681 _iCHA _kPL |
||